000
00192 a2200097 4500
001
497
100
_a
Bolz,RW
245
_a
Production Processes
260
_a
_b
Princeton
_c
090
_c
109
_d
109
942
_a
NUST-CAE
_c
M
_c
1002
999
_c
235570
_d
235570